The Oxford dictionary of philosophy / (Record no. 30332)
[ view plain ]
| 000 -LEADER | |
|---|---|
| fixed length control field | 00752cam a2200265 a 4500 |
| 001 - CONTROL NUMBER | |
| control field | 30332 |
| 003 - CONTROL NUMBER IDENTIFIER | |
| rucl marc code | BD-RjUL |
| 005 - DATE AND TIME OF LATEST TRANSACTION | |
| control field | 20211209051540.0 |
| 008 - FIXED-LENGTH DATA ELEMENTS--GENERAL INFORMATION | |
| fixed length control field | 140409s2008 enka bd 000 0 eng |
| 020 ## - INTERNATIONAL STANDARD BOOK NUMBER | |
| International Standard Book Number | 9780199541430 |
| 035 ## - SYSTEM CONTROL NUMBER | |
| System control number | (BD-RjUL)30417 |
| 040 ## - CATALOGING SOURCE | |
| Original cataloging agency | DLC |
| Transcribing agency | DLC |
| Modifying agency | BD-RjUL |
| Language of cataloging | eng |
| 041 ## - LANGUAGE CODE | |
| Language code of text/sound track or separate title | eng |
| 082 00 - DEWEY DECIMAL CLASSIFICATION NUMBER | |
| Classification number | R 103 |
| Edition number | 22 |
| Author mark and year | BLO 2008 |
| 100 1# - MAIN ENTRY--PERSONAL NAME | |
| Personal name | Blackburn, Simon, |
| Dates associated with a name | 1944- |
| 9 (RLIN) | 91926 |
| 245 14 - TITLE STATEMENT | |
| Title | The Oxford dictionary of philosophy / |
| Statement of responsibility, etc. | Simon Blackburn. |
| 246 30 - VARYING FORM OF TITLE | |
| Title proper/short title | Dictionary of philosophy |
| 250 ## - EDITION STATEMENT | |
| Edition statement | 2nd ed., rev. |
| 260 ## - PUBLICATION, DISTRIBUTION, ETC. (IMPRINT) | |
| Place of publication, distribution, etc. | Oxford ; |
| Name of publisher, distributor, etc. | Oxford University Press, |
| Date of publication, distribution, etc. | c2008. |
| 300 ## - PHYSICAL DESCRIPTION | |
| Pagination | 407 p. : |
| Illustrations | ill. ; |
| Size | 20 cm. |
| 650 #0 - SUBJECT ADDED ENTRY--TOPICAL TERM | |
| Topical term or geographic name as entry element | Philosophy |
| General subdivision | Dictionaries. |
| 9 (RLIN) | 3467 |
| 942 ## - ADDED ENTRY ELEMENTS (KOHA) | |
| Source of classification or shelving scheme | Dewey Decimal Classification |
| Koha item type | Books |
| Lost status | Source of classification or shelving scheme | Damaged status | Not for loan | Collection code | Permanent Location | Current Location | Shelving location | Date acquired | Source of acquisition | Cost, normal purchase price | Total Checkouts | Full call number | Date last seen | Copy number | Koha item type |
|---|---|---|---|---|---|---|---|---|---|---|---|---|---|---|---|
| Dewey Decimal Classification | Not For Loan | Reference | Central Library, University of Rajshahi | Central Library, University of Rajshahi | 29/03/2014 | Dhaka, Trim Education | 418.00 | R 103 BLO 2008 | 09/04/2014 | C-1 | Books |